Costa Rica invertir y retirarse en una democracia auténtica = Costa Rica to invest and retire in an authentic democracy (Registro nro. 7104)
[ vista simple ]
| 000 -Cabecera | |
|---|---|
| Campo de control de longitud fija | 00737aam a2200253 4500 |
| 005 - Fecha y hora de la última transacción | |
| Campo de control | 20250729140817.0 |
| 008 - Elementos de longitud fija--Información general | |
| Campo de control de longitud fija | 150805b1994 xxu||||| |||| 00| 0 spa d |
| 020 ## - International Standard Book Number | |
| Número Internacional Estándar del Libro (ISBN) | 9799977121087 |
| 041 ## - Idioma | |
| Código de idioma | Español |
| 041 ## - Idioma | |
| Código de idioma | Inglés |
| 082 ## - Clasificación Decimal Dewey | |
| Número de clasificación | 332.67 V699c |
| 100 ## - Entrada principal--Autor personal | |
| Nombre personal | Vilchez Navamuel, Carlos |
| 9 (RLIN) | 39848 |
| 245 ## - Título propiamente dicho | |
| Título | Costa Rica invertir y retirarse en una democracia auténtica = Costa Rica to invest and retire in an authentic democracy |
| 260 ## - Pie de imprenta | |
| Lugar de publicación, distribución, etc. | Costa Rica |
| 260 ## - Pie de imprenta | |
| Nombre del editor, distribuidor, etc. | C. Vilchez |
| 260 ## - Pie de imprenta | |
| Fecha de publicación, distribución, etc. | 1994 |
| 300 ## - Descripción física | |
| Extensión | 240 páginas |
| 490 ## - Serie | |
| Título de la Serie | Dirección y Administración de Empresas |
| 650 ## - Materia general | |
| Temática (materia general) | COSTA RICA |
| 650 ## - Materia general | |
| Temática (materia general) | CONDICIONES ECONÓMICAS |
| 650 ## - Materia general | |
| Temática (materia general) | IVERSIONES EXTRANJERAS |
| 650 ## - Materia general | |
| Temática (materia general) | DEMOCRACIA |
| 942 ## - Punto de acceso adicional KOHA | |
| Tipo de ítem KOHA | Libro |
| Fuente del sistema de clasificación o colocación | Dewey Decimal Classification |
| Signatura completa | Código de barras | Programa Académico | Tipo de ítem |
|---|---|---|---|
| 332.67 V699c | 2311 | Dirección y Administración de Empresas | Libro |